000 00377nam a2200145Ia 4500
008 240624s9999 xx 000 0 und d
041 _aeng
082 _a332.64 BUR
100 _aBURGHARDT GALEN
245 _aMANAGED FUTURES FOR INSTITUTIONAL INVEST
250 _a11
260 _c2011
_aNew Jersey
_bBloomberg Press
300 _axiv, : 351 : p. : cm. ; 23
365 _c
_b27
999 _c17717
_d17717